Oxford Dictionaries Top 1000 English Words - 62 Start with T - Statistics

General Stats
  • This quiz has been taken 6,416 times
  • The average score is 31 of 62
Answer Stats
T % Correct
To
99%
The
97%
Too
89%
That
87%
There
85%
This
85%
Then
83%
Take
82%
Them
82%
Ten
81%
They
80%
Top
80%
Two
80%
Their
79%
Think
75%
Than
74%
Though
74%
Three
73%
Tell
72%
Time
72%
Try
69%
Through
62%
Talk
60%
Test
60%
Table
55%
Train
55%
Teach
52%
Tree
52%
Team
51%
Thing
50%
True
46%
Treat
45%
Throw
44%
Today
42%
Teacher
41%
Track
41%
Trade
40%
Turn
39%
Themselves
35%
Thus
35%
Type
35%
Therefore
34%
Third
31%
Travel
31%
Tax
30%
Together
30%
Total
30%
Town
29%
Thousand
27%
Television
26%
Towards
26%
Term
24%
Throughout
24%
Technology
21%
Threat
20%
Trial
20%
Training
19%
Theory
18%
Target
17%
Title
17%
Treatment
17%
Traditional
15%
No matching quizzes found
Score Distribution
Percent of People with Each Score
Percentile by Number Answered
Your Score History
You have not taken this quiz